| 000 | 00892nam a22002537a 4500 | ||
|---|---|---|---|
| 001 | sjds | ||
| 003 | sjds | ||
| 005 | 20251118063129.0 | ||
| 008 | 251118b |||||||| |||| 00| 0 spa d | ||
| 020 | _a9788447800513 | ||
| 020 | _a8447800512 | ||
| 040 | _csjds | ||
| 041 | _aspa | ||
| 100 | _aMatas, Toni | ||
| 245 | 1 | 3 |
_aUn hombre dentro del reloj / _cToni Matas, Arnal Ballester |
| 260 |
_aBarcelona : _bEl Arca de Junior, _cc1993 |
||
| 300 |
_a34 pages : _bcolor illustrations ; _c27 cm |
||
| 440 | _a Coleccion Ciempies | ||
| 520 | _aTe gustaria poder parar el tiempo cuando te diviertes? Y poder pasarlo rapido cuando te obligan a comer lo que no te gusta? Esto es lo que hizo Miguel el dia que descubrio al hombre que vivĂa dentro de un reloj | ||
| 650 |
_aClocks _vJuvenile fiction |
||
| 650 |
_aRelojes _vNovela juvenil |
||
| 700 |
_aBallester, Arnal _eauthor |
||
| 942 | _cBK | ||
| 999 |
_c31178 _d31176 |
||